Missing Word: Legal TV Quiz Stats

Quiz Updated Feb 13, 2015

Challenge
Share
Tweet
Embed
Score 0/20 Timer 03:00
1 Play Today
Show Missing Word % Correct
_____ JudyJudge
99%
Law & _____Order
98.9%
How to Get Away With _____Murder
98.3%
_____ McBealAlly
91.8%
The _____ WifeGood
91%
_____ LegalBoston
84.2%
L.A. _____Law
84.1%
Judging _____Amy
81.1%
Night _____Court
80.6%
_____ MasonPerry
80.2%
Show Missing Word % Correct
Trial by _____Jury
75.7%
The _____ CourtPeople's
72.4%
Jake and the _____Fatman
59.7%
The _____ ChasePaper
50.7%
Franklin & _____Bash
41.2%
_____ JudgeBad
17.4%
Reasonable _____Doubts
15.7%
Murder _____One
13.1%
_____ StoneEli
9.3%
Da Vinci's _____Inquest
8.4%

Today's Daily Dose

Missing Word
Law Misconceptions

Word Ladder
Easy Math

On This Day
January 20th

You're not logged in!

Compare scores with friends on all Sporcle quizzes.
Sign Up with Email
OR
Log In

You Might Also Like...

Show Comments

Extras

Top Quizzes Today


Score Distribution

Your Account Isn't Verified!

In order to create a playlist on Sporcle, you need to verify the email address you used during registration. Go to your Sporcle Settings to finish the process.